000
00294nam a2200109Ia 4500
008
171211s9999 xx 000 0 und d
020
_a
9789719802044
100
_a
Suba, Sally C.
245
_a
Blood Chemistry 1 Laboratory Manual
260
_b
C & E Publishing, Inc.
_c
2014
300
_a
185 pages
999
_c
350831
_d
350831